000 00601nam a2200193Ia 4500
003 IN-BaIIA
008 211028s9999 xx 000 0 eng d
020 _a978-81-7371-748-2
040 _cIIA Library
080 _a[8]:01:00
_bMAL
100 _aMallik, D. C. V
_916460
245 0 _aKariamanikkam Srinivasa Krishnan
_bhis life and work
_cD. C. V. Mallik and S. Chatterjee
260 _aHyderabad
_bUniversities Press
_c2012
300 _axxiii, 461p.
650 _aBiography - Krishnan, K. S
_934728
650 _aK. S. Krishnan - Biography
_934729
700 _aChatterjee, S
_934730
942 _cBK
999 _c18162
_d18162